| 000 | 00376cam a22001337a 4500 | ||
|---|---|---|---|
| 008 | 180718b1975 xxu||||| |||| 00| 0 eng d | ||
| 082 | _aB2 Op5 | ||
| 100 | _aOppenheimer, Franz | ||
| 245 |
_aState _cby Franz Oppenheimer; translated by G. John Gitterman |
||
| 260 |
_aNew York _bFree Life _c1975 |
||
| 300 | _a122p. | ||
| 650 | _aState, The. | ||
| 700 | _aGitterman, G. John, tr. | ||
| 999 |
_c351030 _d351030 |
||